| 000 | 00633nam a2200217 a 4500 | ||
|---|---|---|---|
| 001 | 71804 | ||
| 003 | BD-RjUL | ||
| 005 | 20211209082150.0 | ||
| 008 | 170508s1968 b a|||| |||| 00| 0 eng d | ||
| 035 | _a(BD-RjUL)72020 | ||
| 040 |
_aBD-RjUL _beng _cBD-RjUL _dBD-RjUL |
||
| 041 | _aeng | ||
| 082 |
_223 _a535 _bMOT 1968 |
||
| 100 |
_aMofizuddin, Mohammad _9212418 |
||
| 245 |
_aA Text Book Of Optics For Degree Students / _cMohammad Mofizuddin |
||
| 250 | _a1st ed. | ||
| 260 |
_aPabna : _bBadrun Nesa & Sons., _c1968. |
||
| 300 |
_aviii, 436 p. : _bill. ; _c22 cm. |
||
| 650 |
_aLight and related radiation _9204046 |
||
| 942 |
_2ddc _cBK |
||
| 999 |
_c71804 _d71804 |
||